banner-ar

الفنون الاسلامية / (Record no. 63813)

MARC details
000 -الفاتح
حقل البيانات ثابتة الطول 01126nam a22003137a 4500
005 - وقت وتاريخ اخر تعامل مع التسجيلة
رقم الضبط 20240530110700.0
008 - عناصر البيانات ثابتة الطول - معلومات عامة
حقل البيانات ثابتة الطول 180101s1982 ua f f b 001 0 ara d
040 ## - مصدر الفهرسة
وكالة الفهرسة الأصلية EG-CaGPL
041 ## - رمز اللغة
رمز لغة النص/ المسارات الصوتية أو العنوان الانفرادي ara
رمز لغة الترجمات و/او الاصلية المتوسطة للنص eng
082 04 - رقم تصنيف ديوى العشرى
رقم الطبعة 21
رقم التصنيف 709.1/
رقم المادة د ف
100 1# - المدخل الرئيسى - إسم شخصى
الإسم الشخصى ديماند ، م . س
245 12 - بيان العنوان
العنوان الفنون الاسلامية /
بيان المسئوليه,etc م . س ديماند ؛ ترجمة احمد محمد عيسى ؛ مراجعة وتقديم احمد فكري .
250 ## - بيان الطبعة
بيان الطبعة ط. 3
260 ## - PUBLICATION, DISTRIBUTION, ETC. (IMPRINT)
تاريخ النشر أو التوزيع 1982
300 ## - الوصف المادى
التعداد 349 ص :
تفاصيل ماديه اخرى للوعاء ايض ؛
أبعاد الوعاء 24 سم .
504 ## - تبصرة ببليوجرافية
تبصرة ببليوجرافية,الخ ببليوجرافية : ص 327 - 339
650 07 - المدخل الاضافى بالموضوع-مصطلح موضوعى
مصطلح موضوعي qrmak
التقسيم الفرعي الشكلي الفن الاسلامي
650 07 - المدخل الاضافى بالموضوع-مصطلح موضوعى
مصطلح موضوعي qrmak
التقسيم الفرعي الشكلي الفن الزخرفي
650 07 - المدخل الاضافى بالموضوع-مصطلح موضوعى
مصطلح موضوعي qrmak
التقسيم الفرعي الشكلي الخزف
650 07 - المدخل الاضافى بالموضوع-مصطلح موضوعى
مصطلح موضوعي qrmak
التقسيم الفرعي الشكلي التحف
650 07 - المدخل الاضافى بالموضوع-مصطلح موضوعى
مصطلح موضوعي qrmak
التقسيم الفرعي الشكلي المخطوطات
650 07 - المدخل الاضافى بالموضوع-مصطلح موضوعى
مصطلح موضوعي qrmak
التقسيم الفرعي الشكلي النحت الزخرفي
650 07 - المدخل الاضافى بالموضوع-مصطلح موضوعى
مصطلح موضوعي qrmak
التقسيم الفرعي الشكلي السجاجيد
650 07 - المدخل الاضافى بالموضوع-مصطلح موضوعى
مصطلح موضوعي qrmak
التقسيم الفرعي الشكلي الزجاج الملون
650 07 - المدخل الاضافى بالموضوع-مصطلح موضوعى
مصطلح موضوعي qrmak
التقسيم الفرعي الشكلي المنسوجات
700 0# - المدخل الاضافى - اسم شخصى
الإسم الشخصى احمد محمد عيسى
الدور مترجم
700 0# - المدخل الاضافى - اسم شخصى
الإسم الشخصى احمد فكري
الدور مراجع
942 ## - عناصر المدخل الإضافي( كوها)
مصدر التصنيف او مخطط الترفيف Dewey Decimal Classification
Koha [default] item type كتاب
260 ## - PUBLICATION, DISTRIBUTION, ETC. (IMPRINT)
-- القاهرة :
-- دار المعارف ،
Holdings
حالة التراجع حالة الفقد حالة تلف ليس للاعارة المكان المؤقت الموقع الحالى تاريخ الاكتساب اجمالي اﻻعارات رقم الطلب الباركود تاريخ اخر مشاهدة تاريخ تفعيل السعر نوع وعاء كوها
        مكتبة الحضارة الاسلامية مكتبة الحضارة الاسلامية 01/01/2018   709.1/ د ف 163925 01/01/2018 01/01/2018 كتاب

Powered By

EGPV